| 000 | 00574nam a2200193Ia 4500 | ||
|---|---|---|---|
| 999 |
_c36444 _d36444 |
||
| 001 | 2359 | ||
| 003 | GE_BSU | ||
| 005 | 20221025110835.0 | ||
| 008 | 181216s2009az xx |||||||||||||| ||aze|| | ||
| 040 | _cGE_BSU | ||
| 080 | _a821.512.162 H-46 | ||
| 100 |
_aHaribbayli, Isa. _915522 |
||
| 245 |
_aCalil mammaoquluzada (Tanitmakitabi) / _cIsa Haribbayli. |
||
| 264 |
_aNaxçivan, _c2009. |
||
| 300 |
_a168 c.: _bилл, |
||
| 653 | _aCalil mammaoquluzada (Tanitmakitabi) | ||
| 653 | _aაზერბაიჯანული ლიტერატურა | ||
| 942 |
_cBK _2udc |
||